MARC details
| 000 -LEADER |
| fixed length control field |
01085cam a2200253 4500 |
| 001 - CONTROL NUMBER |
| control field |
WB3717-18 |
| 008 - FIXED-LENGTH DATA ELEMENTS--GENERAL INFORMATION |
| fixed length control field |
000000n2001 000 0 eng u |
| 035 ## - SYSTEM CONTROL NUMBER |
| System control number |
(Sirsi) u112318 |
| 245 ## - TITLE STATEMENT |
| Title |
Nuisance |
| 260 ## - PUBLICATION, DISTRIBUTION, ETC. |
| Date of publication, distribution, etc. |
2001 |
| 490 ## - SERIES STATEMENT |
| Series statement |
Estates Gazette |
| Volume/sequential designation |
(0117) 28 April 2001, 220(1) |
| 520 ## - SUMMARY, ETC. |
| Summary, etc. |
Considers the issues of nuisance and liability that can arise in the light of "Wandsworth LBC v Railtrack plc" [2001] EGCS 104 where it was held that public nuisance can arise out of inconvenience as well as actual damage and that an occupier of land may be liable for the activities of wild creatures, in this case pigeons roosting on the underside of a railway bridge. Concludes that, in such circumstances, once landowners are aware that a nuisance exists they are under a duty to take reasonable steps to abate it. |
| 590 ## - LOCAL NOTE (RLIN) |
| Local note |
WB |
| 650 ## - SUBJECT ADDED ENTRY--TOPICAL TERM |
| Topical term or geographic name entry element |
ABATEMENT |
| 650 ## - SUBJECT ADDED ENTRY--TOPICAL TERM |
| Topical term or geographic name entry element |
LIABILITY |
| 650 ## - SUBJECT ADDED ENTRY--TOPICAL TERM |
| Topical term or geographic name entry element |
NUISANCE |
| 650 ## - SUBJECT ADDED ENTRY--TOPICAL TERM |
| Topical term or geographic name entry element |
PRIVATE NUISANCE |
| 650 ## - SUBJECT ADDED ENTRY--TOPICAL TERM |
| Topical term or geographic name entry element |
PUBLIC NUISANCE |
| 650 ## - SUBJECT ADDED ENTRY--TOPICAL TERM |
| Topical term or geographic name entry element |
WILD ANIMALS |
| 650 ## - SUBJECT ADDED ENTRY--TOPICAL TERM |
| Topical term or geographic name entry element |
WILD BIRDS |
| 650 ## - SUBJECT ADDED ENTRY--TOPICAL TERM |
| Topical term or geographic name entry element |
WILDLIFE |
| 690 ## - LOCAL SUBJECT ADDED ENTRY--TOPICAL TERM (OCLC, RLIN) |
| Topical term or geographic name as entry element |
LAW |
| 942 ## - ADDED ENTRY ELEMENTS (KOHA) |
| Suppress in OPAC |
0 |